Inflation targeting under potential output uncertainty

Guardado en:
Detalles Bibliográficos
Autor principal: Gaiduch, Victor
Otros Autores: Hunt, Benjamin
Formato: Libro
Lenguaje:inglés
Publicado: Washington International Monetary Fund 2000
Colección:IMF Working Paper WP/00/158
Materias:
Etiquetas: Agregar Etiqueta
Sin Etiquetas, Sea el primero en etiquetar este registro!

MARC

LEADER 00000nam a2200000 4500
001 c124405
005 20221221082648.0
041 0 |a eng 
044 |a US 
245 1 0 |a Inflation targeting under potential output uncertainty  |c Victor Gaiduch and Benjamin Hunt 
264 1 |a Washington  |b International Monetary Fund  |c 2000 
300 |a 28 s. 
490 1 |a IMF Working Paper  |v WP/00/158 
830 0 |a IMF Working Paper  |v WP/00/158 
610 2 0 |a inflácia 
610 2 0 |a politika peňažná 
610 2 0 |a ciele finančné 
610 2 0 |a miera inflácie 
100 1 |a Gaiduch, Victor 
700 1 |a Hunt, Benjamin